Score 0/10 Timer 05:00
2 Plays Today
% Correct
Musician
95.3%
Cook
69.4%
Baker
56.1%
Physician
53.5%
Farmer
49.5%
Merchant
47.1%
Teacher
39.1%
Waiter
26%
Butcher
23.7%
Cleaner
23.6%
Remove Ads.
Support Sporcle.
Get the best of Sporcle when you Go Orange. This ad-free experience offers more features, more stats, and more fun while also helping to support Sporcle. Thank you for becoming a member.

You're not logged in!

Compare scores with friends on all Sporcle quizzes.
OR
Log In

Show Comments

Extras

Top Quizzes Today


Score Distribution

Your Account Isn't Verified!

In order to create a playlist on Sporcle, you need to verify the email address you used during registration. Go to your Sporcle Settings to finish the process.

Report this User

Report this user for behavior that violates our Community Guidelines.

Details: